Plus Grandes Villes Finlande - Statistiques

Statistiques générales
  • Ce quiz a été pris 227 fois
  • Le résultat moyen est 8 sur 21
Statistiques - réponses
Ville
Population
(en milliers)
% Correct
Helsinki 655
100%
Tampere 238
79%
Turku 193
72%
Oulu 205
70%
Rovaniemi 63
63%
Espoo 290
59%
Vantaa 233
45%
Jyväskylä 142
40%
Lahti 119
37%
Vaasa 67
37%
Kuopio 119
33%
Pori 83
30%
Joensuu 76
26%
Porvoo 50
25%
Mikkeli 53
24%
Kotka 52
23%
Lappeenranta 72
21%
Hämeenlinna 67
19%
Kouvola 82
19%
Salo 51
14%
Seinäjoki 63
12%
Aucun quiz correspondant
Distribution des résultats
% des personnes avec chaque résultat
Percentile par nombre de réponses
Votre historique - résultats
Vous n’avez pas pris ce quiz